| 000 | 00347nam a2200145 a 4500 | ||
|---|---|---|---|
| 001 | 2850 | ||
| 003 | CDMR | ||
| 005 | 20130116135236.0 | ||
| 008 | 130130s2003||||||||||||||||||||||||||||d | ||
| 040 |
_aCDMR _bcat _cCDMR |
||
| 100 | 1 |
_aMontanelli, Indro _92099 |
|
| 245 | 1 | 0 | _aMemorias de un periodista |
| 260 |
_aBarcelona _c2003 _bRBA Libros |
||
| 942 | _cMON | ||
| 999 |
_c2850 _d2850 |
||